On Diseño / (Registro nro. 12102)

Detalles MARC
000 -LEADER
longitud fija campo de control 01654aab a2200385 a 4500
003 - IDENTIFICADOR DE NUMERO DE CONTROL
control del campo AR-RoUNA
008 - CAMPO DE CONTROL - LIBROS
longitud fija campo de control 140529||||||||||||||||| |||| 0|||| d
040 ## - ORIGEN DE LA CATALOGACION
Agencia que cataloga la obra original AR-RoUNA
Idioma en que se cataloga spa
041 ## - CODIGO DE IDIOMA
Codigo de idioma del texto / sonido o titulo separado spa
-- eng
044 ## - CODIGO DE PAIS / ENTIDAD PRODUCTORA
Codigo MARC del pais ag
080 ## - CDU
Numero de clasificacion 72.036
092 ## - SIGNATURA TOPOGRAFICA
Libristica ON58
245 13 - TITULO PROPIAMENTE DICHO
Titulo On Diseño /
Numero de la parte / seccion de una obra Nº 190
260 ## - EDITORIAL - PUBLICACION, DISTRIBUCION, ETC. (Pie de imprenta)
Lugar de publicacion, distribucion, etc Barcelona :
Nombre del editor, distribuidor, etc On Diseño,
Fecha de publicacion 1996
300 ## - DESCRIPCION FISICA
Extension 199 p. :
Otros detalles fisicos dib.,
-- fot. col.,
-- plantas,
Dimensiones 29x24 cm
505 0# - NOTA DE CONTENIDO CON FORMATO
Título principal Baldeweg Navarro Juan/ Nuevo edificio de juzgados en Mao. Menorca. p 90
505 0# - NOTA DE CONTENIDO CON FORMATO
Título principal Gonzalez Primitivo / Vivienda unifamiliar y estudio en el Pinar de Antequena, (Vallodlid). p. 100
505 0# - NOTA DE CONTENIDO CON FORMATO
Título principal Gonzalez Cordón y Garcia Vazquez Carlos / Edificios en el puerto deportivo en Mazagón. Huelva. p. 110
505 0# - NOTA DE CONTENIDO CON FORMATO
Título principal Bonell Esteve y Gil Josep María / Remodelación de antiguos cuarteles en sede universitaria. (Barcelona). p. 128
505 0# - NOTA DE CONTENIDO CON FORMATO
Título principal Batle Enric, Ribas Franceesc y Roing Joan / Sede central del Real Automóvil Club de Catalunya. p. 142
505 0# - NOTA DE CONTENIDO CON FORMATO
Título principal Baldeweg Juan Navarro / Edificio para la Junta de Extremadura. (Mérida). p. 154
505 0# - NOTA DE CONTENIDO CON FORMATO
Título DISEÑO OBJETUAL
505 0# - NOTA DE CONTENIDO CON FORMATO
Título principal El Diseño objetual en los Premios Delta ADI /FAD (2). p. 166
505 0# - NOTA DE CONTENIDO CON FORMATO
Título principal Los Contenedores Arquitectónicos de Jaume Maymó. p. 200
650 ## - MATERIA - TERMINO TEMATICO
Término tematico general Arquitectura contemporanea
9 (RLIN) 12621
653 ## - MATERIA - PALABRAS CLAVES
Palabras claves Exposiciones
653 ## - MATERIA - PALABRAS CLAVES
Palabras claves Premios
700 1# - ENTRADA SECUNDARIA - NOMBRES PERSONALES
Nombre personal Llopis, Carme
Función dir.
9 (RLIN) 12622
773 ## - ENTRADA DEL ITEM MAYOR
Entrada principal On Diseño
Lugar, editorial y fecha de la publicación Barcelona, AramEdiciones S.A, 1996
Vol. - nro. (mes-año), pág. Nº190 ( 1998). p.199
ISSN 0210-2080
908 ## - SOPORTE
Soporte Imp
930 ## - ACCESION
N 170
Numero de accesion (NR) 6916
942 ## - FUENTE DE CLASIFICACION
Clasificacion Universal Decimal Classification
Tipo de item Analítica
945 ## - INFORMACION DE PROCESAMIENTO
Codigo del operador MBP
Fecha de ingreso o modificacion 2019-02-20
980 ## - EQUIVALENCE OR CROSS-REFERENCE-SERIES STATEMENT--PERSONAL NAME/TITLE [LOCAL, CANADA]
Field link and sequence number 6
Miscellaneous information Mirna Bonanno Potro
Linkage 6
Personal name Mirna Bonanno Potro
Existencias
Estado retiro Estado perdido Sistema de clasificacion Estado general Restricciones de uso Biblioteca de origen Ubicacion actual Fecha de adquisicion Fuente de adquisicion Prestamos totales Signatura y librística Numero de inventario (BARCODE) Fecha ultima visto Numero de ejemplar Fecha del precio de reemplazo Tipo de elemento KOHA Número de Kardex Nota no publica
Disponible Disponible udc No dañado Ningun uso de restricciones Arq. Hilarión H. Larguia Arq. Hilarión H. Larguia 08/09/2025 Don   72.036 1002767 08/09/2025 ej. 1 08/09/2025 Analítica k 400